Pays de la Coupe du Monde 2026 - Mort subite - Statistiques

Statistiques générales
  • Ce quiz a été pris 230 fois
  • Le résultat moyen est 26 sur 48
Answers on the Grid
Answers color-coded by a green-red scale on the quiz's grid according to % correct below.
Irak
République démocratique du Congo
Afrique du Sud
Corée du Sud
Mexique
République tchèque
Suisse
Canada
Bosnie-Herzégovine
Qatar
Brésil
Maroc
Écosse
Haïti
Paraguay
Turquie
États-Unis
Australie
Allemagne
Côte d’Ivoire
Curaçao
Équateur
Pays-Bas
Japon
Suède
Tunisie
Belgique
Iran
Nouvelle-Zélande
Égypte
Cap-Vert
Espagne
Arabie saoudite
Uruguay
France
Sénégal
Norvège
Argentine
Algérie
Autriche
Jordanie
Portugal
Ouzbékistan
Colombie
Angleterre
Croatie
Ghana
Colombie
Italie
Serbie
Grèce
Finlande
Islande
Irlande
Albanie
Chine
Inde
Thaïlande
Costa Rica
Honduras
Chili
Pérou
Pakistan
Indonésie
Nigeria
Pays de Galles
Libye
Cameroun
Bénin
Pologne
Danemark
Géorgie
 
Statistiques - réponses
Réponse % Correct
Brésil
66%
Portugal
66%
Espagne
64%
États-Unis
63%
Maroc
62%
Allemagne
61%
Angleterre
61%
Argentine
61%
France
61%
Belgique
60%
Japon
60%
Mexique
60%
Uruguay
60%
Corée du Sud
59%
Sénégal
59%
Suisse
59%
Irak
58%
Norvège
58%
Pays-Bas
58%
Canada
57%
Suède
57%
Algérie
56%
Australie
56%
Croatie
56%
Curaçao
56%
Iran
56%
Turquie
55%
Bosnie-Herzégovine
54%
Colombie
53%
République démocratique du Congo
53%
Ouzbékistan
52%
Égypte
51%
République tchèque
51%
Colombie
50%
Arabie saoudite
49%
Tunisie
49%
Autriche
48%
Équateur
47%
Haïti
47%
Cap-Vert
46%
Côte d’Ivoire
46%
Qatar
45%
Écosse
44%
Jordanie
44%
Nouvelle-Zélande
44%
Afrique du Sud
43%
Ghana
38%
Paraguay
35%
Aucun quiz correspondant
Distribution des résultats
% des personnes avec chaque résultat
Percentile par nombre de réponses
Votre historique - résultats
Vous n’avez pas pris ce quiz